| 000 | 00588nam a2200205 a 4500 | ||
|---|---|---|---|
| 001 | BRCA_7197 | ||
| 005 | 20190320205739.0 | ||
| 008 | 160112s1944-------#######---#000-0#fre-# | ||
| 041 | _aeng | ||
| 050 | 4 |
_aD805 .A4 _b.M37 1944 |
|
| 100 | 1 |
_aMaroselli, Andreì _917836 |
|
| 245 | 1 | 0 |
_aDes prisons de la Gestapo aÌ l´exil _cAndreì Maroselli. |
| 260 |
_aMontreal _bLes E´ditions de l’Arbre _cc1944 |
||
| 300 |
_a134 p. _c19 cm. |
||
| 500 | _aContiene dedicatoria al Sr. Franz Mayer | ||
| 500 | _aM37 | ||
| 650 | 1 | 4 |
_aGuerra Mundial _y1939-1945 _97638 |
| 902 | _aGFM | ||
| 942 |
_2lcc _cB |
||
| 999 |
_c6878 _d6878 |
||